Datum a čas kvízu
41
Celkem bodů
Celkový počet nahraných bodů na tomto kvízu bez doplňovacích otázek.
1.
Pořadí na kvízu
Konečné umístění týmu na tomto kvízu.
Zaznamenané odpovědi
| # | Otázka | Odpověď | Body | Výsledky |
|---|---|---|---|---|
| 1. | Kvůli volně pohybujícímu se di... | los | 0 | |
| 2. | Premiér jednoho evropského stá... | Nizozemsko | 1 | |
| 3. | Jeden 52letý český herec známý... | Hynek Čermák | 1 | |
| 4. | V návaznosti na jistou událost... | o Teslu | 1 | |
| 5. | Jak se jmenují vítězové mužské... | Carlos Alcaraz; Coco Gauff | 1 | |
| 6. | Které slavné literární dílo je... | Kámasútra | 1 | |
| 7. | Nyní uvidíte krátký úryvek z p... | Bible | 1 | |
| 8. | Charles Darwin strávil v roce... | Galapágy; pěnkavy | 1 | |
| 9. | Za půl bodu uveďte, ze kterého... | Vladař; Niccoló Machiavelli | 1 | |
| 10. | Ať už jste či nejste fanoušky... | 2007 (2006 a 2008 za půl bodu) | 0.5 |